00734 2200253 4500001002100000005001700021008004100038020001800079035002500097040001200122082002000134084002000154090002000174100001600194245009300210250001000303260003400313300002500347504003100372650002400403700001900427850001200446990002200458INLIS00000000000378020150413090210.0  a978-8418-80-8 a0010-041500000000846 aYOPDYOG aDEP 370.1 Put F aDEP 370.1 Put F aDEP 370.1 Put F aPUTU SUDIRA aFilosofi dan teori pendidikan vokasi dan kejuruan /cPutu Sudira ; editor Teguh Setyawan aCet.1 aYogyakarta:bUNY Press,c2012 avii, 85 hlm.;b23 cm aBibliografi : hlm. 71 - 79 aFilsafat Pendidikan aTeguh Setyawan aYOPDYOG aCB-D.11 2012-2415